000 01831nam a2200277Ii 4500
008 221202s xx 000 0 und d
245 2 _aA History of the Faculty of Arts at the University of Adelaide 1876-2012
264 _bUniversity of Adelaide Press
_c2012
300 _a1 online resource (402 pages)
336 _atext
_btxt
_2rdacontent
337 _acomputer
_bc
_2rdamedia
338 _aonline resource
_bcr
_2rdacarrier
520 _aThe Bachelor of Arts (BA) was the first recognised degree at the University of Adelaide. Although informal classes for some subjects were held at the University between 1873 and 1875, the first official University lecture was a Latin lecture at 10 am on Monday 28 March 1876. This was followed by lectures in Greek, English and Mental Philosophy. By 1878, the first BA student, Thomas Ainslie Caterer, completed his studies for the BA degree and in 1879 became the first graduate of the University of Adelaide. [...] In the first 50 years of the University's existence, less than ten BA students graduated each year. At the start of the 21st century this figure had climbed to over 300 BA graduates per year but what is interesting is that by 2010 the number of BA graduates was equalled by the number of graduates from separate named degrees within the Faculty plus 70 Music graduates.
653 _a1876
653 _aFaculty Of Arts
653 _aSocial Siences
653 _aUniversity History
653 _aUniversity Of Adelaide
700 1 _aCrossin, Carl
700 1 _aFornasiero, Jean
700 1 _aHarvey, Nick
700 1 _aMacintyre, Clem
700 1 _aMcCarthy, Greg
856 _uhttps://docs.google.com/spreadsheets/d/1yKIrdCPDAG_9c22mwoOIO2DOhtj65Wqa/edit?usp=sharing&ouid=106555315294820607512&rtpof=true&sd=true
_yList of Curated E-Books
942 _cE-BOOK
999 _c91309
_d91306